Statistics for What countries has invented these

Click here to take the quiz!

General Stats

  • This quiz has been taken 34 times
  • The average score is 13 of 15

Answer Stats

HintAnswer% Correct
Paper moneyChina
100%
RadioUnited kingdom
100%
SurfboardUnited states of america
100%
Ice hockeyCanada
97%
SaunaFinland
90%
HelicopterGermany
90%
TelephonesItaly
90%
Videotape recorderRussia
87%
BluetoothSweden
87%
ToysAustria
77%
Cheese slicerNorway
77%
SaxophoneBelgium
73%
ToothpasteEgypt
73%
ShampooIndia
67%
The computerHungary
50%

Score Distribution

Percentile by Number Answered

Percent of People with Each Score

Your Score History

You have not taken this quiz